000 01193nam a22003137a 4500
001 03748
003 HDC
007 cr bn ---aaaaa
008 210111t2000 flu||||| |||| 00| 0 eng
020 _a1-56670-222-4
040 _aHDC
100 _aShirmohammadi, Adel
_eauthor
_93412
245 0 _aAgricultural nonpoint source pollution : watershed management and hydrology. Chapter 9 :
_bWater Quality Models / by
_cAdel Shirmohammadi, Hubert J. Montas, Lars Bergstrom, and Walter G. Knisel, Jr.
260 _a Boca Raton, Florida:
_bCRC Press,
_c2000
300 _a24 pages
336 _atext
_2rdacontent
337 _acomputer
_2rdamedia
338 _aonline resource
_2rdacarrier
650 _aTechnology & Engineering
_93409
650 _aWater Quality Models
_93505
650 _aWater quality
_92818
700 _aBergstrom, Lars
_eauthor
_93493
700 _aKnisel, Jr. Walter G.
_eauthor
_93507
700 _aMontas, Hubert J.
_eauthor
_93506
856 _zRequest full-text at [email protected]
942 _2lcc
942 _cCHAP
942 _kEBCH 001682
999 _c1084
_d1084